[Event "WCh-Junior"]
[Site "Gaziantep TUR"]
[Date "2008.08.14"]
[Round "12"]
[White "Pascua,H"]
[Black "Mijovic,S"]
[Result "1-0"]
[WhiteElo "2174"]
[BlackElo "2289"]
[EventDate "2008.08.03"]

1. d4 d5 2. c4 e6 3. Nf3 Nf6 4. Nc3 Be7 5. Bg5 O-O 6. e3 h6 7. Bh4 b6 8.
Bd3 Bb7 9. O-O Nbd7 10. Rc1 c5 11. Qe2 Ne4 12. Bg3 Nxg3 13. hxg3 Bf6 14.
Rfd1 Qe7 15. cxd5 exd5 16. Ba6 Bc6 17. Bb5 Bxb5 18. Qxb5 Qe6 19. Nxd5 Qxd5
20. dxc5 Qxa2 21. Rxd7 bxc5 22. b3 Rfb8 23. Qxc5 a6 24. Qd5 Rf8 25. Rxf7
Rxf7 26. Qxa8+ Rf8 27. Rc8 Rxc8 28. Qxc8+ Kh7 29. Qc4 a5 30. Nd4 Qa1+ 31.
Kh2 Qe1 32. Qc2+ Kh8 33. Ne6 Kg8 34. Nf4 Qb4 35. Nd5 1-0

[Event "WCh-Junior"]
[Site "Gaziantep TUR"]
[Date "2008.08.14"]
[Round "12"]
[White "Sarenac,I"]
[Black "Hughes,T"]
[Result "1-0"]
[WhiteElo "2289"]
[BlackElo "2161"]
[EventDate "2008.08.03"]

1. e4 c5 2. Nf3 e6 3. d4 cxd4 4. Nxd4 a6 5. Bd3 Bc5 6. Nb3 Be7 7. O-O d6 8.
c4 Nf6 9. Nc3 Nbd7 10. f4 b6 11. Qf3 Bb7 12. Be3 h5 13. Rae1 Qc7 14. Kh1 g6
15. Qh3 O-O-O 16. Bg1 h4 17. Be3 Nh5 18. Kg1 Rdg8 19. Bd4 Rh7 20. e5 Kb8
21. Be4 Bxe4 22. Rxe4 Ng7 23. exd6 Bxd6 24. Bxg7 Rhxg7 25. Rd1 Nf6 26. Red4
Bxf4 27. c5 bxc5 28. Nxc5 Qxc5 29. Na4 Qc2 30. Qa3 Nd5 31. Kh1 f5 32. Nc5
Rd8 33. Qxa6 Rc8 34. Nxe6 Rd7 35. Nxf4 Nxf4 36. Rb4+ Kc7 37. Qb6+ 1-0

[Event "WCh-Junior"]
[Site "Gaziantep TUR"]
[Date "2008.08.14"]
[Round "12"]
[White "Sousa,Ri"]
[Black "Kjartansson,G"]
[Result "1/2-1/2"]
[WhiteElo "2133"]
[BlackElo "2328"]
[EventDate "2008.08.03"]

1. Nf3 Nf6 2. g3 d5 3. Bg2 c6 4. O-O Bg4 5. d3 Nbd7 6. Nbd2 e5 7. e4 Bd6 8.
Qe2 Qc7 9. a3 h6 10. b3 dxe4 11. dxe4 b5 12. Bb2 O-O 13. Rac1 a5 14. Rfe1
Rfe8 15. h3 Be6 16. Nh4 a4 17. b4 Nb6 18. Qf3 Rad8 19. Nf5 Bf8 20. Rcd1 Nh7
21. h4 c5 22. c3 cxb4 23. cxb4 Qc2 24. Qc3 Qxc3 25. Bxc3 Rd3 26. Nb1 Rxd1
27. Rxd1 Nc4 28. Bf1 Nf6 29. f3 g6 30. Bxc4 Bxc4 31. Ne3 Be2 32. Re1 Bxf3
33. Nd2 Bh5 34. Rf1 Ng4 35. Nd5 Rc8 36. Nb1 Rc4 37. Nd2 Rc6 38. Nb1 Bd6 39.
Ba1 Rc2 40. Nbc3 Nh2 41. Rf2 Nf3+ 42. Kg2 Kf8 43. Rxc2 Ne1+ 44. Kf2 Nxc2
45. Nxb5 Bb8 46. Bb2 Bg4 47. Nb6 Ke7 48. Nxa4 Bd7 49. Nac3 Ke6 50. Bc1 h5
51. Be3 f5 52. Bc5 fxe4 53. a4 Bc8 54. Nxe4 Kd5 55. Nd2 Bf5 56. Nc3+ Kc6
57. Nde4 Bxe4 58. Nxe4 Kd5 59. Nf6+ Ke6 60. Ne4 Kd5 61. Nf6+ 1/2-1/2

[Event "WCh-Junior"]
[Site "Gaziantep TUR"]
[Date "2008.08.14"]
[Round "12"]
[White "Deruni,B"]
[Black "Grover,S"]
[Result "0-1"]
[WhiteElo "2032"]
[BlackElo "2306"]
[EventDate "2008.08.03"]

1. d4 Nf6 2. Nf3 e6 3. c4 b6 4. a3 c5 5. d5 Ba6 6. Qc2 exd5 7. cxd5 g6 8.
Nc3 Bg7 9. g3 O-O 10. Bg2 d6 11. O-O Nbd7 12. h3 Re8 13. Re1 b5 14. Bf4 Nb6
15. e4 Qd7 16. Bf1 Nh5 17. Bg5 h6 18. Bc1 Nc4 19. b3 Ne5 20. Nxe5 Bxe5 21.
Bb2 c4 22. b4 Bb7 23. f4 Bd4+ 24. Kh2 a5 25. Rad1 Bg7 26. Bg2 axb4 27. axb4
Re7 28. Bf3 Bc8 29. Bg4 Qb7 30. Bxh5 gxh5 31. f5 Be5 32. Kg2 f6 33. Kf3 Rg7
34. Rg1 Bd7 35. Ne2 Ra2 36. Nc3 Qa7 37. Nxa2 Qxa2 38. Rd2 Qa7 39. Rgg2 Re7
40. Bxe5 Rxe5 41. Qc3 Bxf5 42. exf5 Rxf5+ 43. Ke4 Rf1 44. Rgf2 Rxf2 45.
Rxf2 Qxf2 46. Qa1 f5+ 0-1

[Event "WCh-Junior"]
[Site "Gaziantep TUR"]
[Date "2008.08.14"]
[Round "12"]
[White "Apaydin,F"]
[Black "Plenca,J"]
[Result "1-0"]
[WhiteElo "2187"]
[BlackElo "2295"]
[EventDate "2008.08.03"]

1. e4 e6 2. d3 d5 3. Nd2 c5 4. Ngf3 Nf6 5. g3 Nc6 6. Bg2 Be7 7. O-O h6 8.
Re1 b5 9. exd5 exd5 10. d4 O-O 11. dxc5 Bxc5 12. Nb3 Bb6 13. Nbd4 Nxd4 14.
Nxd4 Bg4 15. f3 Bh5 16. Be3 Re8 17. Qd2 Rc8 18. c3 a6 19. a4 bxa4 20. Rxa4
a5 21. Raa1 Nd7 22. Qf2 Ne5 23. Nf5 Bxe3 24. Rxe3 Qf6 25. Nd4 Nc4 26. Rxe8+
Rxe8 27. b3 Ne5 28. Re1 Rc8 29. Qe3 Nc6 30. Ne2 Bg6 31. Nf4 d4 32. cxd4
Nxd4 33. Nd5 1-0

[Event "WCh-Junior"]
[Site "Gaziantep TUR"]
[Date "2008.08.14"]
[Round "12"]
[White "Gurcan,E"]
[Black "Nukin,A"]
[Result "0-1"]
[WhiteElo "1955"]
[BlackElo "2244"]
[EventDate "2008.08.03"]

1. e4 e5 2. Nf3 Nc6 3. Bb5 a6 4. Ba4 Nf6 5. Bxc6 dxc6 6. d3 Nd7 7. Nbd2 Bd6
8. Nc4 c5 9. b3 O-O 10. Bb2 f6 11. O-O Nb8 12. c3 Bg4 13. h3 Bh5 14. g4 Bf7
15. Nxd6 Qxd6 16. d4 cxd4 17. cxd4 exd4 18. Nxd4 Nd7 19. Qc2 Bg6 20. Qc4+
Kh8 21. Qe6 Qxe6 22. Nxe6 Rfc8 23. Rad1 Nb6 24. e5 Bf7 25. Nc5 fxe5 26.
Bxe5 Ra7 27. Rfe1 Nd5 28. Bb2 c6 29. Ne4 Raa8 30. Nc3 Rc7 31. Nxd5 Bxd5 32.
f4 a5 33. Re3 Kg8 34. a3 b5 35. Kf2 b4 36. Rc1 Kf7 37. Rc5 Re7 38. Rg3 Re4
39. Rf3 Rae8 40. Be5 Ra8 41. a4 g6 42. h4 Ke6 43. Rh3 Rf8 44. Re3 Rxe5 45.
Rxe5+ Kd6 46. Rcxd5+ cxd5 47. Kf3 Rc8 48. Re3 Rf8 49. Re5 h6 50. h5 g5 51.
Rf5 Rxf5 52. gxf5 g4+ 53. Kxg4 Ke7 54. Kf3 Kf6 55. Ke3 Kxf5 56. Kd4 Kxf4
57. Kxd5 Kg5 58. Kc6 Kxh5 59. Kb5 Kg5 60. Kxa5 h5 61. Kxb4 h4 62. a5 h3 63.
Kc5 h2 64. a6 h1=Q 65. b4 Qa8 66. b5 Qa7+ 0-1

[Event "WCh-Junior"]
[Site "Gaziantep TUR"]
[Date "2008.08.14"]
[Round "12"]
[White "Constantinou,Pe"]
[Black "Aydogdu,A"]
[Result "1-0"]
[WhiteElo "2225"]
[BlackElo "2050"]
[EventDate "2008.08.03"]

1. d4 Nf6 2. Bf4 g6 3. Nf3 Bg7 4. e3 O-O 5. Be2 d6 6. h3 Nbd7 7. O-O c6 8.
c4 Re8 9. Nc3 h6 10. Bh2 Nh7 11. Qc2 e5 12. Rad1 Qe7 13. b4 e4 14. Nd2 Ndf6
15. c5 d5 16. Rfe1 Bf5 17. b5 Qd7 18. bxc6 bxc6 19. Qa4 g5 20. Rb1 g4 21.
h4 Nh5 22. Bd6 Re6 23. g3 Rxd6 24. cxd6 Qxd6 25. Qb4 Qd8 26. Na4 Bf6 27.
Kg2 Nf8 28. Qb7 Rc8 29. Nc5 Ng6 30. Rh1 Nxh4+ 31. gxh4 Bxh4 32. Rxh4 Qxh4
33. Rh1 Qg5 34. Nd7 Qd8 35. Rxh5 Bxd7 36. Rxh6 Rb8 37. Qxa7 Rb2 38. Rd6
Rxd2 39. Rxd7 Qh4 40. Qb8+ Kg7 41. Qe5+ Kg6 42. Rd6+ f6 43. Qe8+ Kg5 44.
Qg8+ Kf5 45. Qe6+ Kg6 46. Qxg4+ Qxg4+ 47. Bxg4 Rxa2 48. Rxc6 1-0

[Event "WCh-Junior"]
[Site "Gaziantep TUR"]
[Date "2008.08.14"]
[Round "12"]
[White "Ertan,C"]
[Black "Zubaidullin,R"]
[Result "1/2-1/2"]
[WhiteElo "2149"]
[BlackElo "1929"]
[EventDate "2008.08.03"]

1. e4 d6 2. d4 g6 3. Nc3 Bg7 4. f4 Nf6 5. Nf3 O-O 6. Be3 Ng4 7. Bg1 c5 8.
Qd2 Qa5 9. O-O-O b5 10. Bxb5 Ba6 11. Qe2 Rc8 12. a4 Bxb5 13. Qxb5 Qxb5 14.
Nxb5 Nd7 15. h3 Ngf6 16. Nc3 Nh5 17. Ne2 Bh6 18. Bh2 Nhf6 19. Nc3 cxd4 20.
Rxd4 Nc5 21. Rc4 Ne6 22. Rxc8+ Rxc8 23. g3 g5 24. Nd5 Nxd5 25. exd5 gxf4
26. Kb1 Nc5 27. Re1 Kf8 28. b3 Rb8 29. Ka2 Na6 30. c3 Bg7 31. Rc1 Nc5 32.
Nd4 Bxd4 33. cxd4 Nd3 34. Rf1 Nb4+ 35. Kb2 Nxd5 36. gxf4 f5 37. Bg3 Kf7 38.
Be1 Nf6 39. Ka3 Ne4 40. d5 Nf6 41. Bf2 Rb7 42. Rd1 Ne4 43. Bd4 Rc7 44. Rg1
Nf6 45. Rg5 e6 46. dxe6+ Kxe6 47. h4 Ne4 48. Rg8 Kd5 49. Be3 Nf6 50. Ra8
Ke4 51. Rxa7 Rxa7 52. Bxa7 d5 53. Kb2 d4 54. b4 Nd5 55. b5 d3 56. b6 Nb4
57. Kc3 Kf3 58. b7 Nc6 1/2-1/2

[Event "WCh-Junior"]
[Site "Gaziantep TUR"]
[Date "2008.08.14"]
[Round "12"]
[White "Kobayashi,A"]
[Black "Acarbay,Ay"]
[Result "1-0"]
[WhiteElo "1936"]
[BlackElo "1825"]
[EventDate "2008.08.03"]

1. e4 c5 2. Nf3 d6 3. d4 cxd4 4. Nxd4 Nf6 5. Nc3 a6 6. Be2 e5 7. Nb3 Be7 8.
O-O Be6 9. f4 Qc7 10. g4 exf4 11. g5 Nfd7 12. Bxf4 O-O 13. Kh1 Nc6 14. h4
Nce5 15. Nd4 g6 16. Qe1 Rac8 17. Qg3 b5 18. a3 Rfe8 19. Rf2 Bf8 20. h5 Bg7
21. Rd1 Qb7 22. Kg1 Qb6 23. Be3 Qc7 24. Bf1 Nb6 25. Nce2 Rcd8 26. Nf4 Qb7
27. Ndxe6 fxe6 28. h6 Bh8 29. Bh3 Nbc4 30. Bxe6+ Rxe6 31. Nxe6 Re8 32. Rdf1
Nf7 33. Rxf7 Qxf7 34. Rxf7 Kxf7 35. Nc7 Rc8 36. Qf4+ 1-0

[Event "WCh-Junior"]
[Site "Gaziantep TUR"]
[Date "2008.08.15"]
[Round "13"]
[White "Braun, A."]
[Black "Negi, P."]
[Result "1/2-1/2"]
[WhiteElo "2533"]
[BlackElo "2529"]
[PlyCount "87"]
[EventDate "2008.08.03"]

1. d4 Nf6 2. c4 g6 3. f3 Nc6 4. d5 Ne5 5. e4 d6 6. Nc3 Bg7 7. Nge2 O-O 8. Ng3
c6 9. Be2 a6 10. f4 Ned7 11. Be3 cxd5 12. cxd5 b5 13. O-O Bb7 14. Rc1 Rc8 15.
Qd2 h5 16. Bf3 Qa5 17. a3 Ng4 18. Bxg4 hxg4 19. Qe2 b4 20. axb4 Qxb4 21. Qxg4
Nb6 22. f5 Nc4 23. Bf4 Nxb2 24. fxg6 fxg6 25. Qe6+ Kh7 26. Nge2 Rf6 27. Qh3+
Kg8 28. Rb1 Rcf8 29. Qe3 Bc8 30. Na2 Qc4 31. Rfc1 Qxa2 32. Ra1 Nc4 33. Rxa2
Nxe3 34. Bxe3 e6 35. Bd4 R6f7 36. h3 exd5 37. exd5 Bb7 38. Bxg7 Rxg7 39. Nd4
Rc8 40. Rxc8+ Bxc8 41. Nc6 Bb7 42. Na5 Bxd5 43. Rd2 Be4 44. Rxd6 1/2-1/2

[Event "WCh-Junior"]
[Site "Gaziantep TUR"]
[Date "2008.08.15"]
[Round "13"]
[White "Nguyen Ngoc Truong Son"]
[Black "So, W."]
[Result "1/2-1/2"]
[WhiteElo "2579"]
[BlackElo "2577"]
[PlyCount "24"]
[EventDate "2008.08.03"]

1. d4 Nf6 2. c4 e6 3. Nc3 Bb4 4. e3 c5 5. Nf3 Nc6 6. Bd2 cxd4 7. exd4 d5 8.
cxd5 exd5 9. Be2 Ne4 10. O-O O-O 11. a3 Ba5 12. h3 Be6 1/2-1/2

[Event "WCh-Junior"]
[Site "Gaziantep TUR"]
[Date "2008.08.15"]
[Round "13"]
[White "Hou Yifan"]
[Black "Le Quang Liem"]
[Result "1-0"]
[WhiteElo "2557"]
[BlackElo "2577"]
[PlyCount "87"]
[EventDate "2008.08.03"]

1. e4 c5 2. Nf3 d6 3. d4 cxd4 4. Nxd4 Nf6 5. Nc3 g6 6. Be3 Bg7 7. f3 O-O 8. Qd2
Nc6 9. Bc4 Bd7 10. O-O-O Rc8 11. Bb3 Ne5 12. Kb1 Nc4 13. Bxc4 Rxc4 14. g4 Qc7
15. Nb3 Be6 16. Bh6 Bxh6 17. Qxh6 Rxc3 18. bxc3 Rc8 19. Qe3 Nd7 20. h4 Ne5 21.
h5 Bxb3 22. cxb3 Qxc3 23. Qxc3 Rxc3 24. Rc1 Rc5 25. Rxc5 dxc5 26. Rd1 Kg7 27.
hxg6 Kxg6 28. Rd5 Nxf3 29. Rxc5 Nh2 30. Rc7 Nxg4 31. Rxb7 h5 32. Rxa7 h4 33.
Rxe7 h3 34. Rc7 Nf2 35. Rc1 Kg5 36. a4 Nxe4 37. a5 Nd6 38. a6 Nb5 39. Kc2 f5
40. Kd3 Kh4 41. Kc4 Na7 42. b4 h2 43. b5 Nc8 44. Kc5 1-0

[Event "WCh-Junior"]
[Site "Gaziantep TUR"]
[Date "2008.08.15"]
[Round "13"]
[White "Laznicka, V."]
[Black "Melkumyan, H."]
[Result "1/2-1/2"]
[WhiteElo "2601"]
[BlackElo "2507"]
[PlyCount "78"]
[EventDate "2008.08.03"]

1. Nf3 Nf6 2. c4 c5 3. d4 cxd4 4. Nxd4 e5 5. Nb5 d5 6. cxd5 Bc5 7. N5c3 O-O 8.
g3 Qb6 9. e3 Bg4 10. Be2 Bxe2 11. Qxe2 e4 12. a3 Re8 13. Nd2 Nbd7 14. b4 Bf8
15. O-O Qd6 16. Bb2 Nb6 17. Rfd1 Qd7 18. Kg2 Rad8 19. Nb3 Nbxd5 20. Nxd5 Nxd5
21. Rd4 Qe6 22. Rad1 Rd7 23. Qc2 h5 24. h4 b6 25. Qe2 Red8 26. R4d2 Qf5 27. Nd4
Qg6 28. b5 Ne7 29. Kf1 Nf5 30. Nc6 Rxd2 31. Rxd2 Rxd2 32. Qxd2 Bd6 33. Ke1 Qe6
34. Nd4 Nxd4 35. Qxd4 f6 36. Kf1 Kf7 37. Qa4 Kg6 38. Kg2 Qf5 39. Kg1 Qf3
1/2-1/2

[Event "WCh-Junior"]
[Site "Gaziantep TUR"]
[Date "2008.08.15"]
[Round "13"]
[White "Zhigalko, S."]
[Black "Ashwin, J."]
[Result "1-0"]
[WhiteElo "2583"]
[BlackElo "2436"]
[PlyCount "83"]
[EventDate "2008.08.03"]

1. e4 c5 2. Nf3 d6 3. d4 cxd4 4. Qxd4 a6 5. Bc4 Nc6 6. Qd3 Nf6 7. Nc3 g6 8. Bg5
Bg7 9. Bb3 O-O 10. O-O-O Qa5 11. Bd2 Qc7 12. Kb1 Na5 13. Bg5 Nxb3 14. axb3 Be6
15. Nd4 Ng4 16. Qe2 Ne5 17. Nd5 Bxd5 18. exd5 Rfe8 19. Rhe1 Nd7 20. h4 Nf6 21.
c4 Qd7 22. f3 a5 23. Nb5 a4 24. b4 h6 25. Bc1 h5 26. Qd3 Qc8 27. Bf4 Nd7 28.
Bxd6 exd6 29. Nxd6 Rxe1 30. Nxc8 Rxd1+ 31. Qxd1 Rxc8 32. c5 Ne5 33. Qxa4 Bf6
34. Qb5 Rc7 35. f4 Ng4 36. d6 Rc8 37. Qxb7 Re8 38. c6 Re2 39. c7 Rxb2+ 40. Kc1
Nf2 41. c8=Q+ Kg7 42. Qc4 1-0

[Event "WCh-Junior"]
[Site "Gaziantep TUR"]
[Date "2008.08.15"]
[Round "13"]
[White "Sjugirov, S."]
[Black "Karthikeyan, P."]
[Result "1-0"]
[WhiteElo "2545"]
[BlackElo "2402"]
[PlyCount "143"]
[EventDate "2008.08.03"]

1. e4 e5 2. Nf3 Nf6 3. Nxe5 d6 4. Nf3 Nxe4 5. Nc3 Nxc3 6. dxc3 Be7 7. Bf4 Nd7
8. Qd2 O-O 9. O-O-O Nc5 10. Be3 Re8 11. Bc4 Be6 12. Bxe6 Nxe6 13. h4 Qd7 14.
Qd5 Qc6 15. Qf5 Qc4 16. Kb1 g6 17. Qh3 h5 18. Nd2 Qe2 19. Rde1 Qg4 20. Qh2 d5
21. f3 Qa4 22. g4 Bd6 23. Qg1 Ng7 24. Nb3 Bf4 25. Bd4 Rxe1+ 26. Qxe1 Re8 27.
Qd1 Be5 28. Nc5 Qc6 29. Bxe5 Rxe5 30. Nd3 Re3 31. Nb4 Qd6 32. Nxd5 Re5 33. Nf4
Qxd1+ 34. Rxd1 hxg4 35. fxg4 g5 36. hxg5 Rxg5 37. Nd5 Ne6 38. b3 Kg7 39. Ne3
Re5 40. Nf5+ Kf8 41. Rh1 Ke8 42. Rh8+ Kd7 43. Rh7 Ke8 44. Kb2 Re4 45. Rh8+ Kd7
46. Rg8 Rf4 47. b4 a6 48. Kb3 Nd8 49. a3 Nc6 50. Ne3 Ne7 51. Rb8 b6 52. Ra8 Re4
53. Nc4 f6 54. Rxa6 Rxg4 55. a4 Nd5 56. Nb2 Rg8 57. Nd3 Rg1 58. a5 Rb1+ 59. Kc4
Ne3+ 60. Kb5 bxa5 61. Nc5+ Kd8 62. Rxa5 Nd5 63. Kc6 Nxc3 64. Ra8+ Ke7 65. Ra3
Nd1 66. b5 Rc1 67. Ra7 Rxc2 68. b6 Nf2 69. bxc7 Rxc5+ 70. Kxc5 Kd7 71. Kb6 Ne4
72. Kb7 1-0

[Event "WCh-Junior"]
[Site "Gaziantep TUR"]
[Date "2008.08.15"]
[Round "13"]
[White "Li Chao2"]
[Black "Leon Hoyos, M."]
[Result "1/2-1/2"]
[WhiteElo "2590"]
[BlackElo "2543"]
[PlyCount "97"]
[EventDate "2008.08.03"]

1. e4 c5 2. Nf3 g6 3. d4 cxd4 4. Qxd4 Nf6 5. e5 Nc6 6. Qa4 Nd5 7. Qe4 Ndb4 8.
Bb5 a6 9. Ba4 b5 10. Bb3 d5 11. exd6 Qxd6 12. O-O Bg7 13. Nc3 Bf5 14. Qe2 Na5
15. Rd1 Qc7 16. Bg5 h6 17. Bh4 Nxb3 18. cxb3 Qb7 19. Rac1 g5 20. Bg3 O-O 21. a3
Nc6 22. Nd5 e6 23. Rxc6 exd5 24. Rc5 Rfe8 25. Qd2 Rac8 26. b4 Qe7 27. Qc1 d4
28. h4 d3 29. hxg5 hxg5 30. Re1 Qd7 31. Rxe8+ Rxe8 32. Qxg5 Bg6 33. Rd5 Qe6 34.
Rd6 Qf5 35. Rd8 Rxd8 36. Qxd8+ Kh7 37. b3 Bc3 38. Qd6 Bh5 39. Nh4 Qe4 40. Bf4
Bg7 41. g3 Bg4 42. Ng2 Bc8 43. Qd8 Bb7 44. Qh4+ Kg6 45. Qg5+ Kh7 46. Qh4+ Kg8
47. Qd8+ Bf8 48. Qg5+ Bg7 49. Qd8+ 1/2-1/2

[Event "WCh-Junior"]
[Site "Gaziantep TUR"]
[Date "2008.08.15"]
[Round "13"]
[White "Durarbeyli, V."]
[Black "Lenic, L."]
[Result "1-0"]
[WhiteElo "2413"]
[BlackElo "2584"]
[PlyCount "116"]
[EventDate "2008.08.03"]

1. e4 e5 2. Nf3 Nc6 3. Bb5 a6 4. Ba4 Nf6 5. O-O b5 6. Bb3 Bb7 7. d3 Be7 8. Re1
O-O 9. Nbd2 h6 10. Nf1 Re8 11. Ne3 Bf8 12. c3 Na5 13. Bc2 c5 14. Nf5 d5 15. Qe2
c4 16. Nd2 g6 17. Ng3 cxd3 18. Bxd3 Qd7 19. exd5 Nxd5 20. Nf3 Bg7 21. Qc2 Rac8
22. a3 b4 23. Bxg6 fxg6 24. axb4 Nxb4 25. Qxg6 Rc6 26. Qb1 Nb3 27. cxb4 Nxa1
28. Qxa1 Rc4 29. Qa2 Qe6 30. Bd2 e4 31. Nh5 Bd5 32. Nxg7 Kxg7 33. b3 Rcc8 34.
Nd4 Qf6 35. Be3 Kh7 36. Qa4 Red8 37. h3 Bf7 38. b5 axb5 39. Nxb5 Qg6 40. Nd4
Ra8 41. Qb4 Rab8 42. Qe7 Re8 43. Qc7 Rec8 44. Qf4 Rg8 45. g3 Bxb3 46. Rc1 Rgf8
47. Rc7+ Kg8 48. Qxh6 Qxh6 49. Bxh6 Rf7 50. Rc5 Bd1 51. Be3 Rb1 52. Kh2 Rb2 53.
Nf5 Rh7 54. Rc8+ Kf7 55. Nd6+ Ke7 56. Rc7+ Kxd6 57. Rxh7 Bf3 58. g4 Kd5 1-0

[Event "WCh-Junior"]
[Site "Gaziantep TUR"]
[Date "2008.08.15"]
[Round "13"]
[White "Nechepurenko, R."]
[Black "Gopal, G."]
[Result "1/2-1/2"]
[WhiteElo "2476"]
[BlackElo "2572"]
[PlyCount "33"]
[EventDate "2008.08.03"]

1. d4 Nf6 2. c4 g6 3. Nc3 d5 4. Nf3 Bg7 5. Bf4 O-O 6. Rc1 dxc4 7. e3 c5 8. dxc5
Qa5 9. Bxc4 Qxc5 10. Nb5 Qb4+ 11. Qd2 Qxd2+ 12. Nxd2 Nc6 13. Nc7 Rb8 14. Nd5
Ra8 15. Nc7 Rb8 16. Nd5 Ra8 17. Nc7 1/2-1/2

[Event "WCh-Junior"]
[Site "Gaziantep TUR"]
[Date "2008.08.15"]
[Round "13"]
[White "Kravtsiv, M."]
[Black "Brkic, A."]
[Result "1-0"]
[WhiteElo "2555"]
[BlackElo "2530"]
[PlyCount "95"]
[EventDate "2008.08.03"]

1. e4 e5 2. Nf3 Nc6 3. Bb5 a6 4. Ba4 Nf6 5. O-O Be7 6. Re1 b5 7. Bb3 d6 8. c3
O-O 9. h3 Na5 10. Bc2 d5 11. d4 dxe4 12. Nxe5 c5 13. Nd2 cxd4 14. Nxe4 dxc3 15.
Qf3 Bb7 16. b4 Nxe4 17. Bxe4 Bxe4 18. Qxe4 f5 19. Qb1 c2 20. Qb2 Nc4 21. Nxc4
bxc4 22. Qxc2 Rc8 23. Bd2 Bf6 24. Rad1 Qd3 25. Qxd3 cxd3 26. Re6 Kf7 27. Rxa6
Ra8 28. Rxa8 Rxa8 29. Be3 Ra3 30. b5 Be5 31. g3 Ke6 32. b6 Kd7 33. Bc5 Rc3 34.
Bb4 Rc2 35. Rxd3+ Kc6 36. a4 Rb2 37. Bd2 Rxb6 38. Ra3 Kb7 39. a5 Rb1+ 40. Kg2
Ka6 41. Bc3 Bd6 42. Ra2 g6 43. Rd2 Bc5 44. Rd5 Ba7 45. Rd6+ Kb5 46. Rd7 Ka6 47.
Rxh7 Rc1 48. Bd2 1-0

[Event "WCh-Junior"]
[Site "Gaziantep TUR"]
[Date "2008.08.15"]
[Round "13"]
[White "Can, E."]
[Black "Popov, Iv RUS"]
[Result "1/2-1/2"]
[WhiteElo "2460"]
[BlackElo "2549"]
[PlyCount "49"]
[EventDate "2008.08.03"]

1. e4 c5 2. Nf3 Nc6 3. c3 e5 4. Bc4 Qc7 5. O-O Be7 6. d3 d6 7. a3 h6 8. Nbd2
Nf6 9. Re1 O-O 10. Nf1 Na5 11. Ba2 c4 12. dxc4 Nxc4 13. b3 Na5 14. c4 a6 15.
Bb2 b5 16. Rc1 Qb6 17. Ne3 Be6 18. Nd2 Rfc8 19. b4 Nxc4 20. Ndxc4 bxc4 21. Bxc4
Nxe4 22. Bxe6 fxe6 23. Qg4 d5 24. Bxe5 Bf6 25. Bxf6 1/2-1/2

[Event "WCh-Junior"]
[Site "Gaziantep TUR"]
[Date "2008.08.15"]
[Round "13"]
[White "Iturrizaga, E."]
[Black "Hammer, J."]
[Result "1/2-1/2"]
[WhiteElo "2561"]
[BlackElo "2494"]
[PlyCount "43"]
[EventDate "2008.08.03"]

1. c4 Nf6 2. Nc3 e5 3. g3 Bb4 4. Bg2 O-O 5. Nf3 Bxc3 6. bxc3 Re8 7. O-O c6 8.
d3 d5 9. cxd5 cxd5 10. Bg5 Nbd7 11. Rb1 h6 12. Bxf6 Nxf6 13. d4 e4 14. Ne5 Qc7
15. Qb3 b6 16. f3 exf3 17. Rxf3 Rxe5 18. dxe5 Qxe5 19. Rbf1 Be6 20. Qa4 Qxe2
21. c4 Bd7 22. Qb4 1/2-1/2

[Event "WCh-Junior"]
[Site "Gaziantep TUR"]
[Date "2008.08.15"]
[Round "13"]
[White "Potapov, P."]
[Black "Baramidze, D."]
[Result "0-1"]
[WhiteElo "2418"]
[BlackElo "2593"]
[PlyCount "100"]
[EventDate "2008.08.03"]

1. e4 e5 2. Nf3 Nc6 3. Bc4 Bc5 4. c3 Nf6 5. d3 a6 6. O-O Ba7 7. Bb3 d6 8. Be3
h6 9. h3 O-O 10. Nbd2 Re8 11. a4 a5 12. Re1 Bxe3 13. fxe3 Be6 14. d4 Bxb3 15.
Qxb3 b6 16. Rad1 Qd7 17. Qc2 Rad8 18. Nf1 g6 19. Ng3 Nh7 20. b3 Ng5 21. Rf1 Qe7
22. Nxg5 hxg5 23. Rf3 Kg7 24. Rdf1 Rf8 25. Nh1 f6 26. Ng3 Rf7 27. Qe2 Rh8 28.
Qb5 Nd8 29. b4 g4 30. hxg4 Ne6 31. bxa5 bxa5 32. Qxa5 Ng5 33. Rf5 Rh4 34. dxe5
dxe5 35. Rxg5 fxg5 36. Rxf7+ Kxf7 37. Qd5+ Qe6 38. Qd8 Qd6 39. Qc8 Kg7 40. a5
Rh8 41. Qb7 Qd1+ 42. Kf2 Qd2+ 43. Kf3 Qd1+ 44. Kf2 Rf8+ 45. Nf5+ gxf5 46. Qxc7+
Kg8 47. Qc4+ Kh8 48. exf5 Rd8 49. Kg3 Qd3 50. Qc5 Qd6 0-1

[Event "WCh-Junior"]
[Site "Gaziantep TUR"]
[Date "2008.08.15"]
[Round "13"]
[White "Ragger, M."]
[Black "Baratosi, D."]
[Result "1/2-1/2"]
[WhiteElo "2527"]
[BlackElo "2433"]
[PlyCount "51"]
[EventDate "2008.08.03"]

1. e4 c5 2. c3 e5 3. Nf3 Nc6 4. Bc4 Be7 5. O-O Nf6 6. d4 cxd4 7. cxd4 exd4 8.
Nxd4 O-O 9. Nf5 d5 10. Nxe7+ Nxe7 11. exd5 Nexd5 12. Bg5 Be6 13. Nd2 h6 14. Bh4
Qb6 15. Qb3 Qxb3 16. Bxb3 g5 17. Bg3 Rfd8 18. Rfd1 Nh5 19. Be5 f6 20. Bd4 Ndf4
21. Bxe6+ Nxe6 22. Bc3 Nc5 23. g4 Nf4 24. Bxf6 Rd3 25. Nb3 Nxb3 26. axb3
1/2-1/2

[Event "WCh-Junior"]
[Site "Gaziantep TUR"]
[Date "2008.08.15"]
[Round "13"]
[White "Arun Prasad, S."]
[Black "Rombaldoni, D."]
[Result "1-0"]
[WhiteElo "2492"]
[BlackElo "2418"]
[PlyCount "67"]
[EventDate "2008.08.03"]

1. d4 Nf6 2. c4 e6 3. Nc3 Bb4 4. Nf3 b6 5. Bg5 Bb7 6. Nd2 h6 7. Bh4 Bxc3 8.
bxc3 d6 9. f3 Nbd7 10. e4 Qe7 11. Bd3 e5 12. Nf1 exd4 13. cxd4 g5 14. Bf2 d5
15. cxd5 Nxd5 16. Ne3 Qb4+ 17. Qd2 Qxd4 18. Nc2 Qe5 19. Bd4 Qe7 20. Bxh8 O-O-O
21. O-O-O Nf4 22. Bb5 c6 23. Qc3 Kb8 24. Rxd7 Qxd7 25. Be5+ Ka8 26. Bxf4 cxb5
27. Be3 Rc8 28. Qd2 Qe6 29. Kb1 a5 30. Qd4 Ka7 31. Na3 b4 32. Nb5+ Ka6 33. Nd6
Rc6 34. Rd1 1-0